000 00410nam a22001331a 4500
082 _aS 181.43
_bGAN/V
100 _aGangesa Upadhyaya
_9148386
245 _aVyadhikarana (Caturdasa Laksani) of Sri Gangesa upadhyaya/
_cby Gangesa Upadhyaya
260 _aThirupathi:
_bKendriya Sanskrit Vidyapeetha,
_c1985.
300 _a170p.
650 _aPhilosophy Nyaya
_9148387
650 _aPhilosophy
_9148388
942 _cBK
999 _c50432
_d50432